Funcionamiento diferencial de ítemes : (Record no. 178254)

MARC details
000 -CABECERA
campo de control de longitud fija 02916nab a2200325 a 4500
005 - FECHA Y HORA DE LA ÚLTIMA TRANSACCIÓN
campo de control 20210219162541.0
008 - ELEMENTOS DE LONGITUD FIJA--INFORMACIÓN GENERAL
campo de control de longitud fija 991125s1985 mx 000 0 spa u
035 ## - NÚMERO DE CONTROL DEL SISTEMA
Número de control de sistema UPN01000206153
049 ## - COLECCIÓN
Colección ART
100 1# - ASIENTO PRINCIPAL--NOMBRE PERSONAL
Nombre de persona Bogoya Maldonado, Daniel,
100 1# - ASIENTO PRINCIPAL--NOMBRE PERSONAL
Filiación dbogoya@yahoo.com
100 1# - ASIENTO PRINCIPAL--NOMBRE PERSONAL
Nombre de persona Ocaña Gómez, Adelina
100 1# - ASIENTO PRINCIPAL--NOMBRE PERSONAL
Filiación adelina.ocana@utadeo.edu.co
100 1# - ASIENTO PRINCIPAL--NOMBRE PERSONAL
Nombre de persona Barragán Moreno, Sandra Patricia
100 1# - ASIENTO PRINCIPAL--NOMBRE PERSONAL
Filiación sandra.barragan@utadeo.edu.co
100 1# - ASIENTO PRINCIPAL--NOMBRE PERSONAL
Nombre de persona Contento Rubio, Ricardo
100 1# - ASIENTO PRINCIPAL--NOMBRE PERSONAL
Filiación manuel.contento@utadeo.edu.co
222 #0 - TÍTULO CLAVE
Título clave INTERDISCIPLINARIA : REVISTA DE PSICOLOGIA Y CIENCIAS AFINES
245 00 - MENCIÓN DE TÍTULO
Título Funcionamiento diferencial de ítemes :
Resto del título examen de matemática : Universidad Jorge Tadeo Lozano
260 ## - PUBLICACIÓN, DISTRIBUCIÓN, ETC.
Lugar de publicación, distribución, etc. Buenos Aires, Argentina
300 ## - DESCRIPCIÓN FÍSICA
Extensión 121-138
362 0# - FECHAS DE PUBLICACIÓN Y/O DESIGNACIÓN SECUENCIAL
Fecha de publicación y/o designación secuencial 2014 Volumen 31, número 1
520 ## - NOTA DE RESUMEN, ETC.
Sumario, etc. La Universidad Jorge Tadeo Lozano aplica el Examen de Clasificación en Matemáticas Básicas, como evaluación diagnóstica, a los aspirantes y estudiantes provenientes de transferencias internas o externas, cuyo plan de estudios precise conocimientos básicos de Aritmética y Algebra Elemental. Dicho examen favorece el análisis de las condiciones académicas de los admitidos y permite a la Universidad, ofrecer opciones apropiadas para cada caso particular, al mismo tiempo que al evaluado le proporciona la posibilidad de reconocer su nivel de apropiación del conocimiento de los dominios conceptuales requeridos. Consecuentemente con el carácter decisorio del Examen de Clasificación de Matemáticas Básicas, se examinó si los ítemes utilizados presentan funcionamiento diferencial, esto es, se analizó si la diferencia de habilidades entre los evaluados podría deberse a las variables de contexto seleccionadas: sexo, edad, naturaleza jurídica del colegio de procedencia y facultad en la que el aspirante tramita su ingreso. Para ello, se procesaron 1.623 cadenas de respuestas para 61 ítemes, obtenidas en las pruebas comprendidas entre el tercer período lectivo de 2011 y el primero de 2012. La metodología incluyó la implementación de tres técnicas: Contraste del DIF (diferencia entre los centros de dificultades), Contraste del DIF (diferencia entre los extremos más próximos para los intervalos de dificultad) y prueba estadística Mantel-Haenszel. La conjunción de estas técnicas permitió determinar un ítem con funcionamiento diferencial en categoría moderada a grande, para la variable edad. Finalmente, para este ítem se exhiben sus parámetros estadísticos y su curva característica, estimados en la calibración
653 0# - TERMINO DE INDIZACION - NO CONTROLADO
Término no controlado EVALUACION DIAGNOSTICA
653 0# - TERMINO DE INDIZACION - NO CONTROLADO
Término no controlado CALIBRACION
653 0# - TERMINO DE INDIZACION - NO CONTROLADO
Término no controlado EDUCACION SUPERIOR
856 4# - LOCALIZACIÓN Y ACCESO ELECTRÓNICOS
Identificador Uniforme del Recurso <a href="http://www.redalyc.org/articulo.oa?id=18031545008">http://www.redalyc.org/articulo.oa?id=18031545008</a>
856 4# - LOCALIZACIÓN Y ACCESO ELECTRÓNICOS
Identificador Uniforme del Recurso <a href="http://www.scielo.org.ar/scielo.php?script=sci_arttext&pid=S1668-70272014000100008&lng=es&nrm=iso&tlng=es">http://www.scielo.org.ar/scielo.php?script=sci_arttext&pid=S1668-70272014000100008&lng=es&nrm=iso&tlng=es</a>
905 ## - TIPO DE MATERIAL
Tipo de material Articulo

No items available.